International environmental law : basic instruments and references, 1992-1999 / (Record no. 438)
| 000 -LEADER | |
|---|---|
| fixed length control field | 01037cam a2200265 a 4500 |
| 001 - CONTROL NUMBER | |
| control field | 11951146 |
| 003 - CONTROL NUMBER IDENTIFIER | |
| control field | OSt |
| 005 - DATE AND TIME OF LATEST TRANSACTION | |
| control field | 20140116120828.0 |
| 008 - FIXED-LENGTH DATA ELEMENTS--GENERAL INFORMATION | |
| fixed length control field | 000323s1999 nyu 000 0 eng |
| 010 ## - LIBRARY OF CONGRESS CONTROL NUMBER | |
| LC control number | 00266030 |
| 020 ## - INTERNATIONAL STANDARD BOOK NUMBER | |
| International Standard Book Number | 1571050019 |
| 040 ## - CATALOGING SOURCE | |
| Original cataloging agency | DLC |
| Transcribing agency | DLC |
| Modifying agency | DLC |
| 050 00 - LIBRARY OF CONGRESS CALL NUMBER | |
| Classification number | K3583.W45 1999 |
| 100 1# - MAIN ENTRY--PERSONAL NAME | |
| Personal name | Weiss, Edith Brown |
| 245 10 - TITLE STATEMENT | |
| Title | International environmental law : basic instruments and references, 1992-1999 / |
| Statement of responsibility, etc | Edith Brown Weiss, Daniel Barstow Magraw and Paul C. Szasz. |
| 260 ## - PUBLICATION, DISTRIBUTION, ETC. (IMPRINT) | |
| Place of publication, distribution, etc | Ardsley, New York : |
| Name of publisher, distributor, etc | Transnational Publishers, |
| Date of publication, distribution, etc | 1999. |
| 300 ## - PHYSICAL DESCRIPTION | |
| Extent | xv, 505 p. |
| 500 ## - GENERAL NOTE | |
| General note | Continues International environmental Law: basic instruments and references (1992). |
| 650 #0 - SUBJECT ADDED ENTRY--TOPICAL TERM | |
| Topical term or geographic name as entry element | Environmental law, International. |
| 700 1# - ADDED ENTRY--PERSONAL NAME | |
| Personal name | Magraw, Daniel Barstow. |
| 700 1# - ADDED ENTRY--PERSONAL NAME | |
| Personal name | Szasz, Paul C. |
| 906 ## - LOCAL DATA ELEMENT F, LDF (RLIN) | |
| a | 7 |
| b | cbc |
| c | origcop |
| d | 2 |
| e | ncip |
| f | 20 |
| g | y-gencatlg |
| 942 ## - ADDED ENTRY ELEMENTS (KOHA) | |
| Source of classification or shelving scheme | |
| Koha item type | Book |
| Withdrawn status | Lost status | Source of classification or shelving scheme | Damaged status | Not for loan | Home library | Current library | Date acquired | Source of acquisition | Total Checkouts | Total Renewals | Full call number | Barcode | Date last seen | Date checked out | Copy number | Price effective from | Koha item type |
|---|---|---|---|---|---|---|---|---|---|---|---|---|---|---|---|---|---|
| Riara University Library | Riara University Library | 19/10/2011 | Purchase | 6 | 1 | K3583.W45 1999 | 833/11 | 02/03/2022 | 22/02/2022 | C.1 | 19/10/2011 | Book | |||||
| Riara University Library | Riara University Library | 19/10/2011 | Purchase | K3583.W45 1999 | 834/11 | 19/10/2011 | C.2 | 19/10/2011 | Book | ||||||||
| Riara University Library | Riara University Library | 19/10/2011 | Purchase | 1 | K3583.W45 1999 | 835/11 | 22/05/2018 | 27/04/2018 | C.3 | 19/10/2011 | Book |
